Estadísticas para Prueba de Libia

Haz click aquí para tomar la prueba!

Estadísticas generales

  • Esta prueba ha sido tomada 135 veces
  • La puntuación promedio es 15 de 20

Estadísticas de respuestas

PistaRespuesta% Correcto
Capital de LibiaTrípoli
100%
Países limítrofesEgipto
99%
Países limítrofesTúnez
98%
Países limítrofesArgelia
98%
Países limítrofesChad
96%
Países limítrofesSudán
95%
País europeo que colonizó brevemente LibiaItalia
94%
Idioma oficialÁrabe
94%
Países limítrofesNíger
88%
Dictador de Libia de 1969 a 2011Muamar el Gadafi
82%
Una serie de protestas que causaron el derrumbe de ese dictadorPrimavera Árabe
79%
Moneda de LibiaDinar
71%
El significado del nombre de la capital en griegoTres Ciudades
67%
Libia recibe menos ____ que cualquier otro país excepto su vecino orientalLluvia
61%
La única cosa que apareció en la antigua bandera de Libia, 1977-2011Verde
53%
¿Qué es un siroco? (conocido en Libia como gibli)Un viento
53%
La segunda ciudad más pobladaBengasi
47%
Palabra que se refiere a la parte antigua de un pueblo en los países norteafricanos (Empieza con M)Medina
39%
El vuelo que Libia bombardeó sobre Lockerbie, Escocia en 1988Vuelo 103 de {Pan} {Am}
35%
Libia fue parte de esta histórica región plagada de piratasCosta berberisca
32%

Distribución de puntuación

Porcentaje por número respondido

Porcentaje de gente con cada puntuación

Historial de tus puntuaciones

No has tomado esta prueba